000 00295cam a2200121ua 4500
020 _a8122400078
082 _a633.186
_bPIL/RI
100 _aPillaiyar, P .
_91618
245 _aRice Postproduction Manual /
260 _aNew Delhi :
_bWiley Eastern Ltd ,
_c1951.
300 _a ; .
942 _cREF
999 _c3170
_d3170